000 00797nam a2200217 a 4500
003 0
005 20250224112144.0
008 111114s19uu xx 00 eng d
050 _aPGS BF 723.S3
_b.B352 2011
100 _aBautista, Ma. Ramlyn Gabrielle.
245 _aExtent of family relationships and self-esteem of SISC students /
_cMa. Ramlyn Gabrielle Bautista.
260 _aLas PiƱas City, Philippines :
_bSouthville International School and Colleges,
_c2011.
300 _a32 pages :
_billustrations ;
_c28 cm.
504 _aIncludes bibliographical references.
650 _aSelf-esteem
_vin children.
650 _aFamily relationships.
650 _aParent-child relationships.
650 _aSocial influence.
650 _aSchool children
_vPsychology.
942 _2lcc
_cPASS
999 _c98619
_d98619